00322nam a2200133Ia 4500008004100000100002000041245003700061250001200098260002800110300001000138650001600148942000700164999001700171190216s9999||||xx |||||||||||||| ||und|| aJohn B Fraleigh 0aFirst Course In Abstract Algebra a3rd Ed. bNarosa Pubs Housec1998 a478-5 aMathematics cBK c31062d31062